000 00583nam a2200241Ia 4500
003 OSt
005 20220912145421.0
006 a|||||r|||| 00| 0
007 ta
008 220909b |||||||| |||| 00| 0 eng d
024 _a65613
037 _cTextual
040 _aCSL
_beng
_cCSL
041 _aeng
082 _aD::32, K21
100 _aMarin Joseph
245 0 _aMechanical behavior of engineering materials
260 _c1962
300 _ap.
_ccm.
650 _aEngineering
942 _hD::32, K21
_cTEXL
_2CC
999 _c31195
_d31195